[Event "Bay Area op"]
[Site "Burlingame"]
[Date "2019.01.05"]
[Round "7"]
[White "Ampie, Mauro"]
[Black "Eswaran, Ashritha"]
[Result "1/2-1/2"]
[WhiteElo "2318"]
[BlackElo "2227"]
[PlyCount "291"]
[EventDate "2019.01.01"]
[EventType "swiss"]
[EventRounds "9"]
[EventCountry "USA"]
[SourceTitle "CBM 188 Extra"]
[Source "ChessBase"]
[SourceDate "2019.02.26"]
[SourceVersion "1"]
[SourceVersionDate "2019.02.26"]
[SourceQuality "1"]

1. e4 c5 2. Nc3 Nc6 3. Bb5 Nd4 4. Nf3 e6 5. 0-0 a6 6. Bd3 Ne7 7. Nxd4 cxd4 8. Ne2 d5 9. exd5 Nxd5 10. c3 dxc3 11. dxc3 Bd6 12. Qc2 Qc7 13. h3 h6 14. a3 0-0 15. c4 Nf4 16. Nxf4 Bxf4 17. Bxf4 Qxf4 18. Rfd1 e5 19. c5 Be6 20. Be4 Rab8 21. Rd6 Qg5 22. Kh1 Rfe8 23. Rad1 Kh8 24. Rb6 Qe7 25. Rdd6 Qc7 26. b4 Qc8 27. Qc3 Bf5 28. Qf3 Bxe4 29. Qxe4 f6 30. Kh2 Re7 31. c6 bxc6 32. Rdxc6 Rc7 33. Rxa6 Rxc6 34. Rxc6 Qd7 35. Qc4 Qf5 36. Qc2 e4 37. Qc5 Qf4+ 38. g3 Qf3 39. Rc8+ Rxc8 40. Qxc8+ Kh7 41. Qc5 Qxa3 42. Qf5+ Kh8 43. Qc8+ Kh7 44. Qf5+ Kh8 45. Qxe4 Qb2 46. Kg2 Qb3 47. Qb7 h5 48. h4 g5 49. hxg5 fxg5 50. Qc8+ Kg7 51. Qf5 g4 52. b5 Qc3 53. Qxh5 Qf3+ 54. Kg1 Qe4 55. Qg5+ Kh7 56. Kh2 Qd4 57. Qe3 Qd5 58. b6 Kg6 59. Qf4 Kh5 60. b7 Qxb7 61. Qf5+ Kh6 62. Qxg4 Qb2 63. Kg2 Qb7+ 64. Qf3 Qb2 65. Qf4+ Kg6 66. g4 Qb7+ 67. Kh2 Qh7+ 68. Kg1 Qh3 69. f3 Kg7 70. Kf2 Qh1 71. Qg5+ Kf8 72. Qf4+ Kg7 73. Qe5+ Kf8 74. Qf5+ Kg7 75. f4 Qh2+ 76. Ke3 Qg1+ 77. Kf3 Qf1+ 78. Ke3 Qg1+ 79. Ke2 Qg2+ 80. Kd3 Qf1+ 81. Kc2 Qe2+ 82. Kb3 Qd1+ 83. Kb4 Qd2+ 84. Kb5 Qe2+ 85. Kb6 Qe3+ 86. Kc6 Qc3+ 87. Kd7 Qd4+ 88. Ke8 Qb6 89. Qd7+ Kh8 90. Kf7 Qb3+ 91. Qe6 Qb7+ 92. Kf6 Qg7+ 93. Kf5 Qh7+ 94. Ke5 Qc7+ 95. Qd6 Qc3+ 96. Kf5 Qc8+ 97. Kg5 Qg8+ 98. Kh4 Qh7+ 99. Kg3 Qb7 100. g5 Qb1 101. Qf8+ Kh7 102. Qh6+ Kg8 103. Qe6+ Kh8 104. Qe5+ Kg8 105. Qd5+ Kg7 106. Qd4+ Kg6 107. Qe3 Qc2 108. Qe6+ Kg7 109. Qe3 Kg6 110. Qe6+ Kg7 111. Qe3 Kg6 112. Qf3 Qd2 113. Kg4 Qd7+ 114. f5+ Kg7 115. Qe2 Kf8 116. g6 Qd5 117. Qf3 Qd4+ 118. Kh5 Qf6 119. Qf4 Kg8 120. Qb8+ Kg7 121. Qc7+ Kf8 122. Qb8+ Kg7 123. Qf4 Kg8 124. Kh6 Qf8+ 125. Kg5 Qd8+ 126. f6 Qd5+ 127. Kg4 Qe6+ 128. Kg3 Qxf6 129. Qh6 Qe5+ 130. Kf3 Qf5+ 131. Ke3 Qe5+ 132. Kf3 Qf5+ 133. Ke2 Qe4+ 134. Kd1 Qd3+ 135. Kc1 Qc3+ 136. Kb1 Qb3+ 137. Ka1 Qa3+ 138. Kb1 Qb3+ 139. Kc1 Qc3+ 140. Kd1 Qd3+ 141. Ke1 Qe4+ 142. Kd2 Qd4+ 143. Ke2 Qe4+ 144. Kf2 Qf5+ 145. Ke3 Qe5+ 146. Kf3 1/2-1/2

[Event "Olympiad-42"]
[Site "Baku"]
[Date "2016.09.04"]
[Round "3.1"]
[White "Ampie, Mauro"]
[Black "Rodriguez Vila, Andres"]
[Result "1/2-1/2"]
[WhiteElo "2348"]
[BlackElo "2453"]
[PlyCount "105"]
[EventDate "2016.09.02"]
[EventType "team-swiss"]
[EventRounds "11"]
[EventCountry "AZE"]
[SourceTitle "CBM 175"]
[Source "ChessBase"]
[SourceDate "2016.11.10"]
[SourceVersion "1"]
[SourceVersionDate "2016.11.10"]
[SourceQuality "1"]
[WhiteTeam "Nicaragua"]
[BlackTeam "Uruguay"]
[WhiteTeamCountry "NCA"]
[BlackTeamCountry "URU"]

1. e4 e6 2. Nc3 d5 3. d4 Nf6 4. Bg5 dxe4 5. Nxe4 Be7 6. Bxf6 gxf6 7. Nf3 f5 8. Nc3 a6 9. Qe2 b5 10. 0-0-0 b4 11. Na4 Qd5 12. Kb1 Bd7 13. Nc5 Bb5 14. Qe5 Qxe5 15. Nxe5 Bxf1 16. Rhxf1 Rg8 17. g3 a5 18. Ncd3 Ra6 19. Rfe1 f6 20. Nf3 Kf7 21. d5 exd5 22. Nf4 c6 23. Nd4 Bf8 24. h4 Nd7 25. Nxf5 Nc5 26. f3 Nd7 27. Ne6 Ne5 28. Nxf8 Rxf8 29. f4 Ng4 30. h5 Ra7 31. Rd2 Rd7 32. Rde2 Rfd8 33. Re7+ Kf8 34. Rxd7 Rxd7 35. Re6 Rc7 36. Nd4 c5 37. Nf5 Rc8 38. Nd6 Rb8 39. Kc1 a4 40. Kd2 c4 41. b3 axb3 42. axb3 cxb3 43. cxb3 Ra8 44. Kd3 Ra3 45. Re8+ Kg7 46. Nf5+ Kf7 47. Nd6+ Kg7 48. Nf5+ Kf7 49. Nd6+ Kg7 50. Nf5+ Kf7 51. Nd6+ Kg7 52. Nf5+ Kf7 53. Nd6+ 1/2-1/2

[Event "Pan American-ch U20"]
[Site "Guatape"]
[Date "2016.06.22"]
[Round "5"]
[White "Ampie, Mauro"]
[Black "Blandon, Luis Guillermo"]
[Result "1/2-1/2"]
[WhiteElo "2373"]
[BlackElo "2260"]
[PlyCount "67"]
[EventDate "2016.06.20"]
[EventType "swiss"]
[EventRounds "9"]
[EventCountry "COL"]
[SourceTitle "EXT 2017"]
[Source "ChessBase"]
[SourceDate "2016.10.25"]
[SourceVersion "1"]
[SourceVersionDate "2016.10.25"]
[SourceQuality "1"]

1. e4 c5 2. Nc3 a6 3. g3 b5 4. Bg2 Bb7 5. d3 e6 6. f4 d5 7. f5 exf5 8. exd5 Bd6 9. Nce2 Nf6 10. c4 Nbd7 11. Nf3 Qc7 12. 0-0 0-0-0 13. Ng5 Ne5 14. Rxf5 bxc4 15. dxc4 Nxc4 16. Qc2 Nb6 17. Nc3 Rhe8 18. Bd2 Re5 19. Bf4 Rxf5 20. Qxf5+ Kb8 21. Bxd6 Rxd6 22. Rd1 g6 23. Qe5 Nfxd5 24. Nxf7 Rd7 25. Nxd5 Nxd5 26. Bxd5 Qxe5 27. Nxe5 Rxd5 28. Nd7+ Ka7 29. Rxd5 Bxd5 30. Nxc5 Bxa2 31. Kf2 Kb6 32. Nd7+ Kb5 33. Nf6 Kb4 34. Nxh7 1/2-1/2

[Event "Pan American-ch U20"]
[Site "San Salvador"]
[Date "2015.07.16"]
[Round "1"]
[White "Ampie, Mauro"]
[Black "Castillo, Ernesto"]
[Result "1-0"]
[WhiteElo "2193"]
[BlackElo "1616"]
[PlyCount "47"]
[EventDate "2015.07.16"]
[EventType "swiss"]
[EventRounds "9"]
[EventCountry "ESA"]
[SourceTitle "EXT 2016"]
[Source "ChessBase"]
[SourceDate "2015.10.08"]
[SourceVersion "1"]
[SourceVersionDate "2015.10.08"]
[SourceQuality "1"]

1. e4 d6 2. d4 e5 3. Nf3 Bg4 4. dxe5 Bxf3 5. Qxf3 dxe5 6. Bc4 Qf6 7. Qb3 Bc5 8. Be3 Bb6 9. Nc3 Ne7 10. 0-0-0 Nbc6 11. Nd5 Nxd5 12. exd5 Bxe3+ 13. fxe3 Nd8 14. d6 Kd7 15. Rhf1 Qg6 16. Bxf7 Qxg2 17. Be6+ Ke8 18. dxc7 Rf8 19. Bd7+ Ke7 20. cxd8Q+ Kxd8 21. Rxf8+ Kc7 22. Rxa8 b6 23. Rc8+ Kb7 24. Bc6+ 1-0

[Event "Central America U20 op"]
[Site "San Jose "]
[Date "2014.12.21"]
[Round "8"]
[White "Ampie, Mauro"]
[Black "Hernandez, Cristian Andres"]
[Result "0-1"]
[WhiteElo "2186"]
[BlackElo "2164"]
[PlyCount "88"]
[EventDate "2014.12.17"]
[EventType "swiss"]
[EventRounds "9"]
[EventCountry "CRI"]
[SourceTitle "EXT 2016"]
[Source "ChessBase"]
[SourceDate "2015.10.08"]
[SourceVersion "1"]
[SourceVersionDate "2015.10.08"]
[SourceQuality "1"]

1. e4 c5 2. Nc3 a6 3. g3 b5 4. Bg2 Bb7 5. d3 e6 6. Nge2 d5 7. 0-0 Nf6 8. e5 Nfd7 9. f4 Nc6 10. Nb1 Be7 11. c3 d4 12. a4 0-0 13. axb5 axb5 14. Rxa8 Bxa8 15. Na3 Qb6 16. Nc2 Rd8 17. cxd4 cxd4 18. Bd2 b4 19. Be1 b3 20. Na1 Nc5 21. Nc1 Rb8 22. f5 Nxe5 23. Bxa8 Rxa8 24. Naxb3 Nxb3 25. Nxb3 Rb8 26. Nc1 exf5 27. Rxf5 Qe6 28. Rf2 Ng4 29. Re2 Ne3 30. Qa4 Qd5 31. Qa7 Re8 32. Qa4 Rc8 33. Nb3 Qf3 34. Rxe3 dxe3 35. Qd7 Rb8 36. Qxe7 Qe2 37. Nd4 Qxe1+ 38. Kg2 Qf2+ 39. Kh3 Qf1+ 40. Kg4 Qxd3 41. Nf5 e2 42. Qe5 h5+ 43. Kh4 Qxf5 44. Qxb8+ Kh7 0-1

[Event "NCA-chT Primera Division"]
[Site "Managua"]
[Date "2012.02.25"]
[Round "7.4"]
[White "Alfaro Caracas, William"]
[Black "Ampie, Mauro"]
[Result "1/2-1/2"]
[WhiteElo "2231"]
[BlackElo "1880"]
[PlyCount "124"]
[EventDate "2012.02.17"]
[EventType "swiss"]
[EventRounds "9"]
[EventCountry "NCA"]
[SourceTitle "EXT 2024"]
[Source "ChessBase"]
[SourceDate "2023.10.10"]
[SourceVersion "1"]
[SourceVersionDate "2023.10.10"]
[SourceQuality "1"]

1. d4 e6 2. Nf3 d5 3. g3 Nf6 4. c4 Bd6 5. Bg2 0-0 6. 0-0 c6 7. Qc2 Nbd7 8. b3 b6 9. Nc3 Bb7 10. Rd1 Rc8 11. e4 dxe4 12. Ng5 Be7 13. Bf4 Nh5 14. Ncxe4 Nxf4 15. gxf4 h6 16. Nf3 Qc7 17. Ne5 Rfd8 18. Qe2 Nf6 19. Nxf6+ Bxf6 20. Qe4 Ba8 21. Ng4 Be7 22. f5 c5 23. d5 exd5 24. cxd5 Qd6 25. Re1 Bf6 26. Nxf6+ Qxf6 27. Qe5 Qxe5 28. Rxe5 Rd6 29. Rae1 Kf8 30. Re7 Bxd5 31. Rxa7 Bxg2 32. Kxg2 Re8 33. Rxe8+ Kxe8 34. Rb7 Rd2 35. a4 Rb2 36. Rxb6 c4 37. b4 c3 38. b5 Ra2 39. Rc6 Rxa4 40. Rxc3 Rb4 41. Rc5 Ke7 42. Rd5 Kf6 43. Kf3 Rh4 44. Ke3 Rh3+ 45. Ke2 Rb3 46. Kd2 Rf3 47. Kc1 Rxf2 48. b6 Rf4 49. Rb5 Rc4+ 50. Kd2 Rc8 51. b7 Rb8 52. Ke3 Ke7 53. Kf4 Kd6 54. h4 Kc6 55. Rb3 Rxb7 56. Rg3 f6 57. Rc3+ Kd5 58. Rd3+ Kc4 59. Rd8 Kc5 60. Kg4 Rb1 61. Kh5 Rg1 62. Rd5+ Kxd5 1/2-1/2

[Event "NCA-chT Primera Division"]
[Site "Managua"]
[Date "2012.02.19"]
[Round "6.6"]
[White "Ampie, Mauro"]
[Black "Madrigal, Mariano"]
[Result "1/2-1/2"]
[WhiteElo "1880"]
[BlackElo "2090"]
[PlyCount "108"]
[EventDate "2012.02.17"]
[EventType "swiss"]
[EventRounds "9"]
[EventCountry "NCA"]
[SourceTitle "EXT 2024"]
[Source "ChessBase"]
[SourceDate "2023.10.10"]
[SourceVersion "1"]
[SourceVersionDate "2023.10.10"]
[SourceQuality "1"]

1. e4 c5 2. Nc3 g6 3. f4 Bg7 4. Nf3 d6 5. Bb5+ Bd7 6. Bc4 Nc6 7. 0-0 e6 8. d3 Nge7 9. Qe1 0-0 10. Qh4 Nd4 11. Nxd4 cxd4 12. Ne2 b5 13. Bb3 Rc8 14. f5 gxf5 15. Bh6 Bxh6 16. Qxh6 Ng6 17. exf5 exf5 18. Rf3 Qf6 19. Rh3 Qg7 20. Qxg7+ Kxg7 21. Nxd4 a5 22. c3 f4 23. Rh5 a4 24. Bc2 a3 25. bxa3 Rxc3 26. Bb3 Rxd3 27. Nxb5 f5 28. Nc7 Rd2 29. Rc1 f3 30. g3 f2+ 31. Kf1 f4 32. Ne6+ Bxe6 33. Bxe6 fxg3 34. hxg3 Re8 35. Bb3 Ne5 36. Rd1 Rxd1+ 37. Bxd1 Nd3 38. Be2 Nc1 39. Bc4 Rc8 40. Bb5 Rc2 41. Rf5 Nxa2 42. Rxf2 Rc1+ 43. Kg2 Nc3 44. a4 Nxb5 45. axb5 Rb1 46. Rf5 Rb3 47. Kh3 Kg6 48. Rd5 Kf7 49. Rxd6 Rxb5 50. Kh4 Kg7 51. g4 h6 52. Ra6 Rc5 53. Ra7+ Kg6 54. Ra6+ Kg7 1/2-1/2

[Event "NCA-chT Primera Division"]
[Site "Managua"]
[Date "2012.02.18"]
[Round "4.8"]
[White "Ampie, Mauro"]
[Black "Flores, Manuel"]
[Result "1/2-1/2"]
[WhiteElo "1880"]
[BlackElo "2020"]
[PlyCount "50"]
[EventDate "2012.02.17"]
[EventType "swiss"]
[EventRounds "9"]
[EventCountry "NCA"]
[SourceTitle "EXT 2024"]
[Source "ChessBase"]
[SourceDate "2023.10.10"]
[SourceVersion "1"]
[SourceVersionDate "2023.10.10"]
[SourceQuality "1"]

1. e4 c5 2. Nc3 Nc6 3. f4 g6 4. Nf3 Bg7 5. Bb5 Nd4 6. 0-0 Nxb5 7. Nxb5 Nf6 8. Nc3 d6 9. d3 0-0 10. Qe1 Nh5 11. f5 e5 12. g4 Nf4 13. Bxf4 exf4 14. Qd2 Be5 15. Nxe5 dxe5 16. Nd5 gxf5 17. gxf5 Bxf5 18. Nxf4 Bg6 19. Nxg6 fxg6 20. Rxf8+ Kxf8 21. Rf1+ Kg7 22. Kh1 Qe7 23. Qf2 Rf8 24. Qxf8+ Qxf8 25. Rxf8 Kxf8 1/2-1/2

[Event "NCA-chT Primera Division"]
[Site "Managua"]
[Date "2012.02.17"]
[Round "1.8"]
[White "Ortiz, Marcos"]
[Black "Ampie, Mauro"]
[Result "1-0"]
[WhiteElo "2162"]
[BlackElo "1880"]
[PlyCount "55"]
[EventDate "2012.02.17"]
[EventType "swiss"]
[EventRounds "9"]
[EventCountry "NCA"]
[SourceTitle "EXT 2024"]
[Source "ChessBase"]
[SourceDate "2023.10.10"]
[SourceVersion "1"]
[SourceVersionDate "2023.10.10"]
[SourceQuality "1"]

1. e4 e6 2. d4 d5 3. Nc3 Bb4 4. e5 c5 5. a3 Ba5 6. b4 cxd4 7. Qg4 Ne7 8. bxa5 dxc3 9. Qxg7 Rg8 10. Qxh7 Nbc6 11. Nf3 Qc7 12. Bf4 Bd7 13. a6 b6 14. Bg3 0-0-0 15. Bd3 Rh8 16. Qg7 d4 17. Qg4 Rhg8 18. Qf4 Be8 19. h4 Ng6 20. Qf6 Rd5 21. Be4 Rc5 22. h5 Ngxe5 23. h6 Nxf3+ 24. gxf3 Qe7 25. h7 Qxf6 26. hxg8Q Kd7 27. Rh8 Qd8 28. Qf8 1-0

[Event "NCA-ch"]
[Site "Managua"]
[Date "2011.08.21"]
[Round "2"]
[White "Fonseca Cabrera, Ernesto Gregorio"]
[Black "Ampie, Mauro"]
[Result "1-0"]
[WhiteElo "2144"]
[BlackElo "1895"]
[PlyCount "67"]
[EventDate "2011.08.20"]
[EventType "swiss"]
[EventRounds "9"]
[EventCountry "NCA"]
[SourceTitle "CBM 144 Extra"]
[Source "ChessBase"]
[SourceDate "2011.10.28"]
[SourceVersion "1"]
[SourceVersionDate "2011.10.28"]
[SourceQuality "1"]

1. d4 e6 2. c4 Nf6 3. Nc3 d5 4. cxd5 exd5 5. Bg5 Be7 6. e3 0-0 7. Qc2 h6 8. Bh4 b6 9. Bd3 Bb7 10. Nf3 Na6 11. a3 c6 12. 0-0 Nc7 13. b4 Ne6 14. Bf5 c5 15. bxc5 bxc5 16. Rfb1 Bc8 17. dxc5 Nxc5 18. Nd4 Bb7 19. Rxb7 Nxb7 20. Nc6 Qe8 21. Nxe7+ Qxe7 22. Nxd5 Qe5 23. Nxf6+ gxf6 24. Rb1 Nd6 25. Bd3 Rfc8 26. Qe2 Rab8 27. Rd1 Rc3 28. Bg3 Qc5 29. Bxd6 Qxd6 30. Bh7+ Kxh7 31. Rxd6 Rb1+ 32. Rd1 Rcc1 33. Qd3+ Kg7 34. Qxb1 1-0

[Event "Managua Grand Prix 12th"]
[Site "Managua"]
[Date "2011.04.17"]
[Round "3.11"]
[White "Hernandez, Juan Carlos"]
[Black "Ampie, Mauro"]
[Result "0-1"]
[WhiteElo "2032"]
[BlackElo "1894"]
[PlyCount "98"]
[EventDate "2011.04.16"]
[EventType "swiss"]
[EventRounds "7"]
[EventCountry "NCA"]
[SourceTitle "EXT 2024"]
[Source "ChessBase"]
[SourceDate "2023.10.10"]
[SourceVersion "1"]
[SourceVersionDate "2023.10.10"]
[SourceQuality "1"]

1. d4 e6 2. c4 Nf6 3. Nf3 d5 4. e3 Bd6 5. Nc3 0-0 6. Bd3 b6 7. 0-0 Bb7 8. Qc2 a6 9. e4 dxe4 10. Nxe4 Nxe4 11. Bxe4 Bxe4 12. Qxe4 Nd7 13. Bg5 Nf6 14. Qh4 h6 15. Bxf6 Qxf6 16. Qxf6 gxf6 17. d5 Bc5 18. dxe6 fxe6 19. Rfe1 Kf7 20. Rad1 Rad8 21. Kf1 Bb4 22. Rxd8 Rxd8 23. Rc1 e5 24. a3 Be7 25. Ke2 Ke6 26. g4 f5 27. gxf5+ Kxf5 28. Ke3 Bg5+ 29. Nxg5 hxg5 30. c5 b5 31. c6 Rd4 32. Rc3 Ke6 33. b3 Kd5 34. f3 a5 35. Rc2 Rd1 36. Rg2 Rb1 37. Rxg5 Rxb3+ 38. Ke2 Rb2+ 39. Kd3 Rxh2 40. f4 Rh3+ 41. Kc2 Re3 42. f5 Rf3 43. Rg7 Kxc6 44. Rf7 Rxa3 45. Re7 Kd6 46. Re6+ Kd5 47. Ra6 Rf3 48. f6 c6 49. Rxa5 Rxf6 0-1

[Event "Managua Grand Prix 12th"]
[Site "Managua"]
[Date "2011.04.16"]
[Round "1.22"]
[White "Samayoa, Jeremias"]
[Black "Ampie, Mauro"]
[Result "1-0"]
[WhiteElo "2089"]
[BlackElo "1894"]
[PlyCount "103"]
[EventDate "2011.04.16"]
[EventType "swiss"]
[EventRounds "7"]
[EventCountry "NCA"]
[SourceTitle "EXT 2024"]
[Source "ChessBase"]
[SourceDate "2023.10.10"]
[SourceVersion "1"]
[SourceVersionDate "2023.10.10"]
[SourceQuality "1"]

1. c4 e6 2. d4 Nf6 3. Nf3 d5 4. Bg5 Be7 5. e3 0-0 6. Nc3 b6 7. cxd5 exd5 8. Ne5 Bb7 9. Rc1 Ne4 10. Bxe7 Qxe7 11. Nxe4 dxe4 12. Bc4 Nd7 13. Nxd7 Qxd7 14. 0-0 Kh8 15. Qc2 f5 16. g3 Rac8 17. Rfd1 Qe7 18. Qb3 Rf6 19. Rd2 h5 20. h4 Rh6 21. Qb5 Rf8 22. Qe5 Qxe5 23. dxe5 Rc6 24. Rcc2 g6 25. Bb5 Rxc2 26. Rxc2 c6 27. Bxc6 Rc8 28. Ba4 Rxc2 29. Bxc2 Bd5 30. a3 Kg7 31. Kf1 Kf7 32. Ke2 Ke6 33. Ba4 Bc4+ 34. Kd2 b5 35. Bd1 Kxe5 36. Kc3 a5 37. a4 Bd3 38. axb5 Bxb5 39. Bb3 Be8 40. Bg8 a4 41. Kb4 Kf6 42. Bc4 g5 43. Bb5 gxh4 44. gxh4 Bf7 45. Bxa4 f4 46. Bd7 fxe3 47. fxe3 Ke5 48. Kc5 Bb3 49. Be8 Bd1 50. b4 Ke6 51. Kd4 Bf3 52. Bc6 1-0